00451nam a2200181Ia 4500003000400000005001700004008004100021020002200062040000700084041000800091082001600099100002400115245002100139260005800160300001500218365001400233650002200247OSt20230606140408.0210423s2020 xx 000 0 und d a978-81-715-6669-3 cAL aeng a307.76 SHAU aSHARMA (Rajendra K) aUrbaan sociology aNew DelhibAtlantic Publishers and Distributorsc2020 avi,379bHB b1195cINR aUrban Communities